Baby Sitters Little Sister Karen's Grandmother/ (Record no. 202940)
[ view plain ]
| 000 -LEADER | |
|---|---|
| fixed length control field | 00531 a2200205 4500 |
| 005 - DATE AND TIME OF LATEST TRANSACTION | |
| control field | 20240517124429.0 |
| 010 ## - LCCN (DPL NO) | |
| LC control number | B-759097 |
| 020 ## - INTERNATIONAL STANDARD BOOK NUMBER | |
| International Standard Book Number | 9789354711282 |
| Terms of availability | 250.00 |
| 035 ## - SYSTEM CONTROL NUMBER | |
| System control number | B-759097 |
| 037 ## - SOURCE OF ACQUISITION | |
| Source of stock number/acquisition | Gift |
| 082 ## - DEWEY DECIMAL CLASSIFICATION NUMBER | |
| Classification number | N |
| 100 ## - MAIN ENTRY--PERSONAL NAME | |
| Personal name | Martin, Ann M. |
| 245 ## - TITLE STATEMENT | |
| Title | Baby Sitters Little Sister Karen's Grandmother/ |
| Statement of responsibility, etc | Ann M. Martin |
| 260 ## - PUBLICATION, DISTRIBUTION, ETC. (IMPRINT) | |
| Place of publication, distribution, etc | UK |
| Name of publisher, distributor, etc | Scholastic Inc. |
| Date of publication, distribution, etc | 2022 |
| 270 ## - ADDRESS | |
| Address | UK |
| City | UK |
| 300 ## - PHYSICAL DESCRIPTION | |
| Extent | 108 p. |
| Dimensions | 19cm (Pb) |
| 700 ## - ADDED ENTRY--PERSONAL NAME | |
| 9 (RLIN) | 66330 |
| 942 ## - ADDED ENTRY ELEMENTS (KOHA) | |
| Institution code [OBSOLETE] | dpl |
| Item type | Children Books |
| Source of classification or shelving scheme | Dewey Decimal Classification |
| Classification part | N |
| Call number suffix | MAR |
| Withdrawn status | Lost status | Not for loan | Collection code | Home library | Current library | Date acquired | Source of acquisition | Cost, normal purchase price | Full call number | Barcode | Copy number | Cost, replacement price | Koha item type | Public note |
|---|---|---|---|---|---|---|---|---|---|---|---|---|---|---|
| Fiction | Ashok Vihar | Ashok Vihar | 17/05/2024 | Gift/10.5.24 | 250.00 | N MAR | B-759097 | 1 | 250.00 | Children Books | Gift |
